Grêmio - Final da Libertadores de 2017 - Statistics

General Stats
  • This quiz has been taken 283 times
  • The average score is 9 of 12
Answer Stats
Hint Answer % Correct
MEC Luan
98%
GOL Marcelo Grohe
96%
ZAD Geromel
95%
TEC Renato Gaucho
92%
VOL Arthur
81%
LAE Cortez
80%
MEC Fernandinho
79%
ATA Barrios
76%
LAD Edilson
74%
MEC Ramiro
65%
VOL Jailson
58%
ZAE Bressan
55%
No matching quizzes found
Score Distribution
Percent of People with Each Score
Percentile by Number Answered
Your Score History
You have not taken this quiz